Learning search control knowledge : an explanation-based approach
Αποθηκεύτηκε σε:
| Κύριος συγγραφέας: | |
|---|---|
| Μορφή: | Βιβλίο |
| Γλώσσα: | English |
| Δημοσίευση: |
Boston :
Kluwer Academic,
c1988
|
| Σειρά: | Kluwer international series in engineering and computer science. Knowledge representation, learning and expert systems
Kluwer international series in engineering and computer science ; ; 61 |
| Θέματα: | |
| Ετικέτες: |
Προσθήκη ετικέτας
Δεν υπάρχουν, Καταχωρήστε ετικέτα πρώτοι!
|
MARC
| LEADER | 00000cam a2200000 i 4500 | ||
|---|---|---|---|
| 001 | 1/55609 | ||
| 008 | 941103s1988 eng d | ||
| 020 | |a 0898382947 | ||
| 035 | |l 10045331 | ||
| 035 | |a 1993 |c ΠΑΝΑΓΙΩΤΟΠΟΥΛΟΣ | ||
| 040 | |a GR-MY-UA |b gre |e aacr | ||
| 041 | 0 | |a eng | |
| 082 | 0 | |a 006.3 |2 (19) | |
| 100 | 1 | |a Minton, Steven. | |
| 245 | 1 | 0 | |a Learning search control knowledge : |b an explanation-based approach / |c Steven Minton |
| 260 | |a Boston : |b Kluwer Academic, |c c1988 | ||
| 300 | |a x, 214 p.; |b ill.; |c 25 cm | ||
| 490 | 1 | |a Kluwer international series in engineering and computer science. Knowledge representation, learning and expert systems |v ; 61 | |
| 490 | 1 | |a Kluwer international series in engineering and computer science | |
| 500 | |a Based on the author's thesis (Ph. D.)--Carnegie-Mellon University, 1988 | ||
| 500 | |a Includes index | ||
| 504 | |a Bibliography: p. 204-210 | ||
| 650 | 0 | 0 | |a Artificial intelligence. |
| 650 | 0 | 0 | |a Problem solving. |
| 650 | 0 | 0 | |a Explanation-based learning. |
| 650 | 0 | 0 | |a Machine learning. |
| 830 | 0 | |a Kluwer international series in engineering and computer science. Knowledge representation, learning and expert systems | |
| 830 | 0 | |a Kluwer international series in engineering and computer science ; |v ; 61 | |
| 852 | |a INST |b SAMOS |e 19941103 |h 006.3 MIN |p 005300003742 |q 005300003742 |t BK |y 0 | ||
| 909 | |a Σ |b 029713 | ||